|
|
|
|
| LEADER |
00000nam2a2200000 4500 |
| 001 |
58720 |
| 005 |
20231101211743.0 |
| 035 |
|
|
|a (RuTPU)RU\TPU\book\62019
|
| 090 |
|
|
|a 58720
|
| 100 |
|
|
|a 20031205d1962 km y0rusy50 ca
|
| 101 |
0 |
|
|a rus
|
| 102 |
|
|
|a RU
|
| 105 |
|
|
|a a g 001zy
|
| 200 |
0 |
|
|a Т. 1
|f Б. С. Азаренко, В. Д. Афанасьев, М. Я. Бровман и др.
|
| 210 |
|
|
|d 1962
|
| 215 |
|
|
|a 743 с.
|c ил.
|
| 320 |
|
|
|a Библиография в конце глав.
|
| 461 |
|
1 |
|0 (RuTPU)RU\TPU\book\62018
|t Прокатное производство
|o справочник
|f под ред. Е. С. Рокотяна
|v Т. 1
|d 1962
|
| 606 |
1 |
|
|a Прокатное производство
|2 stltpush
|3 (RuTPU)RU\TPU\subj\72736
|9 86140
|
| 610 |
1 |
|
|a прокатка
|
| 610 |
1 |
|
|a прокатные станы
|
| 610 |
1 |
|
|a оборудование
|
| 610 |
1 |
|
|a автоматизация
|
| 610 |
1 |
|
|a электроприводы
|
| 610 |
1 |
|
|a справочники
|
| 675 |
|
|
|a 621.771(035)
|v 3
|
| 701 |
|
1 |
|a Азаренко
|b Б. С.
|
| 701 |
|
1 |
|a Афанасьев
|b В. Д.
|
| 701 |
|
1 |
|a Бровман
|b М. Я.
|
| 701 |
|
1 |
|a Вавилов
|b М. П.
|
| 701 |
|
1 |
|a Верник
|b А. Б.
|
| 801 |
|
1 |
|a RU
|b 63413507
|c 20031205
|g PSBO
|
| 801 |
|
2 |
|a RU
|b 63413507
|c 20210621
|g PSBO
|
| 942 |
|
|
|c BK
|